000 00580nam a22002057a 4500
001 T027600001511
008 181111b xve|||||r|||| 00| | esp d
020 _a968-23-0415-6
099 _a329
_bF9921
100 _aFurtado, Celso.
245 _aTeoría y política del desarrollo económico.
260 _a1968
300 _a301
500 _a
650 _aLa teoría del desarrollo en la ciencia económica.
650 _aEl proceso de desarrollo: Enfoque analítico e histórico.
650 _aEl subdesarrollo.
650 _aPolítica de desarrollo.
942 _cLIB
999 _c2686
_d2686